000 00620nam a22001577a 4500
008 170309b xxu||||| |||| 00| 0 eng d
082 _22016
_aUT 0698
_bOr82
100 _919212
_aOrtega, Ruby Jean R.
245 _aSocial Media Site and The Linguistic Competence of the Students in Digos City National High School.
_cRuby Jean R. Ortega, Melon I. Quilojano and Claudin Armilla.
300 _a44 pages;
_b28 cm.
650 0 _919213
_aEducation
_vEnglish
_xUndergraduate Thesis.
700 _919216
_aOrtega, Ruby Jean R.
700 _919217
_aQuilojano, Melon I.
700 _919218
_aArmilla, Claudine E.
942 _2ddc
_cUT
999 _c6378
_d6378